| 000 | 00574 a2200181 4500 | ||
|---|---|---|---|
| 000 | BKB | ||
| 001 | 133052 | ||
| 005 | 20200902152037.0 | ||
| 008 | |||
| 020 | _a9780199564828 | ||
| 082 |
_a530.1563 _bW28T |
||
| 100 | 1 | _aWasserman, Robert H. | |
| 245 | 1 |
_aTensors and manifolds : with applications to physics _cby Robert H. Wasserman |
|
| 250 | _a2nd ed. | ||
| 260 |
_aNew York _bOxford University Press _c2009 |
||
| 300 | _a447p. | ||
| 690 | _aManifolds (Mathematics); Mathematical physics; Calculus of tensors; Mechanics | ||
| 999 |
_c7380 _d7380 |
||